000 00411cam a2200157ua 4500
003 OSt
008 250101b |||||||| |||| 00| 0 eng d
020 _a8123908105
082 _a621.371
_bECK/IN
100 _aEckman, Donald P .
_9745
245 _aIndustrial instrumentation /
260 _aNew Delhi :
_bCBS Publishers and Distributors Pvt. Ltd
_c2004
300 _a396 ; .
500 _a*CSS
942 _cBK
999 _c10363
_d10363